Questions sur la Bible égyptienne

Saved in:

Main Author: Florence Albert

Other Authors: Chloé Ragazzoli (éd.)

Format: Book

Language: Undetermined

Published: Cairo Institut français d'archéologie orientale 2025

Series: BiEtud 192

Subjects:

Tags: Add Tag

No Tags, Be the first to tag this record!

Call Number: On Hold

LEADER 00704nam a2200205Ia 4500
005 20260324113530.0
008 260324s9999||||xx |||||||||||||| ||und||
020 |a 9782724710892 
050 4 |a On Hold 
100 0 |a Florence Albert 
245 1 0 |a Questions sur la Bible égyptienne  |c Florence Albert 
264 1 |a Cairo  |b Institut français d'archéologie orientale  |c 2025 
300 |a 509 pages  |b illustrations   |c 29 cm 
490 0 |a BiEtud 192 
500 |a Includes bibliographical references (pages 419-473) and indexes. 
650 4 |a Egyptian language -- Papyri, Hieroglyphic. 
650 4 |a Egyptian language -- Writing, Hieroglyphic. 
650 4 |a Essays. 
700 0 |a Chloé Ragazzoli (éd.) 
999 |c 61898  |d 61898